000 00261nam a22001097a 4500
008 240708b |||||||| |||| 00| 0 eng d
100 _aMehata, Ramesh
_916601
245 _aKya Musibat hai
260 _bDehati Pustak Bhandar;
_c-
300 _a120p.
942 _cBK
999 _c40439
_d40439